01368nam a2200397 a 450000100060000000300080000600500170001400600190003100700150005000800410006502000180010603500230012403500240014703500250017103500210019604000260021705000230024308000100026608200140027610000310029024501380032126000340045930000110049349000210050453301640052565000140068965000150070365000370071865000260075565000240078165500270080570000400083271000190087285600620089199900170095388491FlNmELB20241217171641.0m o d | cr cn|||||||||200906r1989 sp |||||s|||||||||||spa d z9788426707291 a(MiAaPQ)EBC3179057 a(Au-PeEL)EBL3179057 a(CaPaEBR)ebr10294088 a(OCoLC)928816129 aFlNmELBbspacFlNmELB 4aTS176bC737 1989eb a658.704a658.72231 aCompanys Pascual, Ramón.10aNuevas técnicas de gestión de stocksh[recurso electronico]bMRP y JIT /cRamón Companys Pascual, Joan B. Fonollosa i Guardiet. aBarcelona :bMarcombo,c1989. a149 p.0 aProductica ;v22 aRecurso electrónico. Santa Fe, Arg.: e-libro, 2015. Disponible vía World Wide Web. El acceso puede estar limitado para las bibliotecas afiliadas a e-libro. 4aComercio. 4aGestión. 0aManufacturing resource planning. 0aJust-in-time-systems. 0aProduction control. 4aLibros electrónicos.1 aFonollosa i Guardiet, Joan B,eaut.2 ae-libro, Corp.40uhttps://elibro.net/ereader/politecnicointernacional/45851 c88491d88491